| 000 | 00515nam a2200193Ia 4500 | ||
|---|---|---|---|
| 005 | 20140311163121.0 | ||
| 008 | 140130s9999 xx 000 0 und d | ||
| 020 | _a0439579384 | ||
| 050 |
_aQE 501.25 _b.B47 2002 |
||
| 100 |
_a Berrer, Melvin _931311 |
||
| 245 |
_cMelvin & Gilda Berrer _aAre Mountains Growing taller? / |
||
| 260 |
_bScholastic, _c2002. _aNew York : |
||
| 300 |
_a48 p. : _bcol. ill. ; _c21 cm. |
||
| 440 |
_v1 _931174 |
||
| 521 | _aG4 | ||
| 526 | _c670 | ||
| 942 |
_cBK _2lcc |
||
| 999 |
_c40925 _d40925 |
||